| 000 | 00470nam a2200181Ia 4500 | ||
|---|---|---|---|
| 005 | 20240610041907.0 | ||
| 008 | 240331s9999 xx 000 0 und d | ||
| 020 | _a0862322650 | ||
| 082 |
_bJAY _a322 |
||
| 100 | _aJayawardena, Kumari | ||
| 245 | 0 |
_aFeminism and nationalism in the third world _cKumari, Jayawardena |
|
| 260 |
_aColombo _bSanjiva books _c1986 |
||
| 300 | _a x, 275 p ., | ||
| 650 | _aCivilization | ||
| 650 | _aWoman | ||
| 650 | _aSocial | ||
| 942 | _cL | ||
| 999 |
_c2376 _d2376 |
||